000 00801nam a2200217 a 4500
001 000028112
005 20260120073950.0
008 110406s1988 dr 001 0 spa d
040 _aDO-SdBNP
_bspa
_cBNPHU
082 _a231.7
_bF634u
100 1 _aFlores Santana, Juan Ant.
_955120
245 1 4 _aLos últimos sucesos del hombre y su situación definitiva /
_cJuan Ant. Flores Santana.
260 _aLa Vega, República Dominicana :
_bObispado de la Vega,
_c1988.
300 _a63 p. ;
_c21 cm.
500 _aIncluye referencias bibliográficas y notas al pie de páginas.
590 _aInventariado, 2018/BT
650 4 _aMediación entre dios y hombre
_xCristianismo
_915865
650 0 _aVida espiritual
_9268
650 4 _aTemor de dios
_955121
910 _aValidado. Control de la calidad. EMS
999 _c27604
_d27604